00234nam a2200097 a 450000500170000000800410001705000180005810000180007624500100009426000320010420140414132100.0100921s19uu xx 00 eng d aFICbH53 2002 aHiaasen, Carl aHoot. aLondon :bMacmillan,c2002.